00920nam a2200205 a 450000100100000000500170001000800410002704000250006808200160009310000260010924500780013526000360021330000210024950400410027070000370031195201150034895201140046395201200057799900170069700001715320200929165033.0100319s1978 dr r 000 0 spa d aDO-SdBNPbspacBNPHU axxxxbG463D1 aGil M. Laertes93777510aDivulgaciones científicas /cLaertes Gil M. ; prólogo Petronio Mejia. aSanto Domingo :b[s.n.],c1978. a253 p. ;c22 cm. aIncluye referencias bibliográficas1 aMejia, Petronio,epról.937776 00107-18PDaGRbGRcOId2018-05-04iLF1l0oxxxx G463Dp17153-30r2020-06-25w2020-06-25yLFPDZNo se presta 0010718PDaPDbPDcHDd2010-03-19iLF1l0oxxxx G463Dp17153-10r2020-06-25w2020-06-25yLFPDZNo se presta 0010718PDaPDbPDcHDd2010-03-19iLF1l0oxxxx G463Dp17153-20r2020-06-25te. 2w2020-06-25yLFPDZNo se presta c16679d16679